Elecciones separadas y voto residencial

Αποθηκεύτηκε σε:
Λεπτομέρειες βιβλιογραφικής εγγραφής
Μορφή: Κείμενο
Ετικέτες: Προσθήκη ετικέτας
Δεν υπάρχουν, Καταχωρήστε ετικέτα πρώτοι!

MARC

LEADER 00000 a a2200000 04500
001 6815
003
040
245 |a Elecciones separadas y voto residencial  
773 |g volumen 28, número 1246; páginas 4-5  
999 |c 32334  |d 32334